000 00845nam a2200253 i 4500
001 bg
100 1 _aCIESIELCZYK, Włodzimierz
_d(1949- ).
245 1 0 _aPrzykłady i zadania z termodynamiki technicznej /
_cWłodzimierz Ciesielczyk, Stefan Kędzierski ; Politechnika Krakowska im. Tadeusza Kościuszki.
250 _aWyd. 2.
260 _aKraków :
_bPK,
_c1997.
300 _a151 s., [1] k. tabl. :
_bwykr. ;
_c24 cm.
521 _aSkrypt dla studentów wyższych szkół technicznych.
650 9 _aTermodynamika techniczna
655 _aĆwiczenia i zadania
700 1 _aKĘDZIERSKI, Stefan
710 0 _aPOLITECHNIKA KRAKOWSKA (Kraków)
020 _a8390387824
040 _cBPK
041 0 _apl
080 _a621.1.01:536.7](075.8)
920 _a83-903878-2-4
942 _cKS
008 s pl f |000 0 pol
999 _c33155
_d33155
856 _uhttp://koha.tu.koszalin.pl/cgi-bin/koha/opac-detail.pl?biblionumber=33155
_yKatalog online BPK